LDR 01118naa#a2200181#i#450# 001 RU\INFRA-M\bibl\109587 005 20260501143216.5 011 ## _a2500-333X 100 ## _a20260325b2026####ek#y0rusy0150####ca 102 ## _aRU 200 1# _aПРАВО КАК ИНСТРУМЕНТ ЗАЩИТЫ ПРАВ РЕБЁНКА В БОРЬБЕ С РАСПРОСТРАНЕНИЕМ ТОРГОВЛИ ДЕТЬМИ _eЖурнальная статья 210 1# _aМосква _cОбщество с ограниченной ответственностью «Научно-издательский центр ИНФРА-М» _d2026 215 ## _a5 с. 608 ## _aЖурнальная статья _2local 675 ## _aПреступления против личной свободы. Рабство. Торговля людьми. Незаконное лишение свободы. Самовольный личный обыск. Похищение несовершеннолетних. 343.43 _aПраво. Юридические науки. 34 _z 700 #1 _aКвартникова _gО. А. 700 #1 _aЦибизова _gС. В. 856 4# _azh-szf.ru _u